Carradas de razoes: Lucio Costa e a arquitetura moderna brasileira, 1924-1951

Saved in:
Bibliografiske detaljer
Hovedforfatter: Leonídio, Otavio (Author)
Format: Bog
Sprog:portugisisk
Udgivet: Río de Janeiro PUC 2007
Fag:
Tags: Tilføj Tag
Ingen Tags, Vær først til at tagge denne postø!

MARC

LEADER 00000nam a2200000 a 4500
001 UCG7262
003 CL-VaPUC
008 110707e20070000BL |||||||||||||||||por|d
020 |a 9788515034604 
082 0 4 |a 720.981  |b LEO  |2 21 
100 0 |a Leonídio, Otavio  |e author  |9 557975 
245 1 0 |a Carradas de razoes: Lucio Costa e a arquitetura moderna brasileira, 1924-1951 
300 |a 348 p 
942 |c BK 
945 |d 20110707 00:00:00  |a dcastane 
260 |a Río de Janeiro  |b PUC  |c 2007 
650 0 |a Arquitectos   |9 268647 
650 0 |a Arquitectura brasileña   |9 268803 
583 |a last modification  |c 20130515 10:57:05  |k Rodrigo Vera 
999 |c 345320  |d 345318 
952 |0 0  |1 0  |4 0  |6 720_981000000000000_LEO_2007  |7 0  |8 A  |9 443917  |a BIBARQ  |b BIBARQ  |d 2019-11-22  |i 4786696  |o 720.981 LEO 2007  |p 4786696  |r 2025-01-20  |w 2019-11-22  |y BK  |k ARQ